000 00808cam a2200241 a 4500
001 000005259
005 20200929151626.0
008 000707s2000 sp b 001 f spa
020 _a8437618258
040 _aDO-SdBNP
_cDLC
_dDLC
082 _a863.3
_bZ39n
100 1 _aZayas y Sotomayor, María de,
_d1590-1650.
_915003
245 1 0 _aNovelas amorosas y ejemplares /
_cMaría de Zayas y Sotomayor ; edición, Julián Olivares.
260 _aMadrid :
_bCátedra,
_c2000.
300 _a562 p. ;
_c18 cm.
440 0 _aLetras hispánicas ;
_v482
_94208
504 _aIncluye referencias bibliográficas (p. 139-147).
650 4 _aNovela española
_91123
650 4 _aLiteratura española
_9632
700 1 _aOlivares, Julián,
_d1941-
_eed.
_915004
910 _aCatalogación por copia / LC
910 _aWM
999 _c5060
_d5060